000 00544nam a2200181Ia 4500
005 20250326123538.0
008 250326s9999 xx 000 0 und d
037 _aTextbook
040 _aFMSL
_beng
_cFMSL
041 _aeng
_2eng
084 _aB231:1 L2
_qFMSL
100 _aRust B W
_9735440
245 0 _aMathematical programming and the mnumerical solution of linear equations
_cRust B W; Burrus W R
260 _aNY
_bNY, American Elsevier
_c1972
300 _a218p
942 _cTB
_hB231:1 L2
999 _c1269857
_d1269857